00655cam a2200217 a 45000010005000000030008000050050017000130080039000300200022000690350018000910400030001090410008001390820026001472450071001732500012002442600037002563000035002935040041003286510044003697000024004135692BD-RjUL20211208234118.0140107s1984 maua b 000 0 eng a0316951536 (pbk.) a(BD-RjUL)5731 aDLCcDLCdDLCdOCoLCbeng aeng00a320.973219bAME 198400aAmerican government :breadings and cases /cedited by Peter Woll. a8th ed. aBoston :bLittle, Brown,cc1984. axxiv, 605 p. :bill. ;c23 cm. aIncludes bibliographical references. 0aUnited StatesxPolitics and government.1 aWoll, Peter,d1933-